Logo BPK

Biblioteka

Politechniki Koszalińskiej

Metalurgia i odlewnictwo. (Rekord nr 7008)

Szczegóły MARC
000 -ETYKIETA REKORDU
podpole kontrolne o stałej długości 00719nam a2200229 i 4500
001 - NUMER KONTROLNY REKORDU
pole kontrolne bg
020 ## - MIĘDZYNARODOWY ZNORMALIZOWANY NUMER KSIĄŻKI - ISBN
ISBN 8385031464 (cz.2)
040 ## - ŹRÓDŁO KATALOGOWANIA
Instytucja, która utworzyła rekord BPK
041 0# - KOD JĘZYKA
Kod języka tekstu pol
080 ## - UNIWERSALNA KLASYFIKACJA DZIESIĘTNA - UKD
UKD 669.1(075.8)
920 ## - Międzynarodowy znormalizowany numer książki – ISBN
ISBN 83-85031-46-4 (cz.2)
008 - POLE O STAŁEJ DŁUGOŚCI - DANE KONTROLNE
podpole kontrolne o stałej długości s pl f |000 0 pol
100 1# - NAZWA OSOBOWA
Nazwa osobowa WARCHALA, Tadeusz
245 00 - TYTUŁ/ODPOWIEDZIALNOŚĆ
Tytuł Metalurgia i odlewnictwo.
Oznaczenie części/sekcji dzieła Cz. 2,
Tytuł części/sekcji dzieła Technologia żeliwa /
Pozostałe elementy strefy tytułu i oznaczenia odpowiedzialności Tadeusz Warchala ; Politechnika Częstochowska.
260 ## - STREFA ADRESU WYDAWNICZEGO
Miejsce wydania Częstochowa :
Nazwa wydawcy/dystrybutora Wydaw. PC,
Data publikacji, dystrybucji/powstania dokumentu 1995.
300 ## - STREFA OPISU FIZYCZNEGO
Objętość 256, [1] s., [1] k.tabl. :
Inne cechy fizyczne rys., wykr. ;
Rozmiary 24 cm.
500 ## - UWAGI OGÓLNE
Tekst uwagi Cz. 1 pt. : Metalurgia i odlewnictwo żeliwa.
504 ## - UWAGA DOTYCZĄCA BIBLIOGRAFII
Informacje o bibliografii Bibliogr. s. 252-[257].
650 #9 - HASŁO PRZEDMIOTOWE W FORMIE NAZWY OGÓLNEJ LUB JEDNOSTKOWEJ
Nazwa ogólna lub geograficzna Żeliwo
655 ## - TERMIN INDEKSOWY - OKREŚLENIE RODZAJU/FORMY DOKUMENTU
Określenie rodzaju/formy dokumentu Podręczniki akademickie
856 ## - LOKALIZACJA I DOSTĘP DO ELEKTRONICZNYCH DOKUMENTÓW ZDALNYCH
Link (URL) http://koha.tu.koszalin.pl/cgi-bin/koha/opac-detail.pl?biblionumber=7008
Tekst linku Katalog online BPK
942 ## - DODATKOWE ELEMENTY (KOHA)
Typ dokumentu Książka
Egzemplarze
Wycofany Status egzemplarza Uszkodzony Dostępność Lokalizacja stała Lokalizacja bieżąca Miejsce przechowywania Sygnatura Kod kreskowy Typ dokumentu
      Dostępny Biblioteka Politechniki Koszalińskiej Biblioteka Politechniki Koszalińskiej Wypożyczalnia BG P 50558 01242430 Książka
© 2023 Biblioteka Politechniki Koszalińskiej :: KOHA